Statistics for Top 15 Celebrities Born In 1938

Click here to take the quiz!

General Stats

  • This quiz has been taken 61 times
  • The average score is 3 of 15

Answer Stats

Answer% Correct
Kenny Rogers
70%
Christopher Lloyd
38%
Bill Withers
32%
Oscar Robertson
32%
Natalie Wood
30%
Gordon Lightfoot
17%
Jack Jones
15%
Judy Blume
13%
Connie Stevens
9%
Etta James
9%
Jerry West
9%
Connie Francis
6%
Mary Jo Catlett
6%
Eddie Cochran
4%
Robert Graham
2%

Score Distribution

Percentile by Number Answered

Percent of People with Each Score

Your Score History

You have not taken this quiz